=LDR 00000nam 2200000 4500 =001 INLIS000000000050384 =005 20170503112530 =035 ##$$a 0010-0517000037 =007 ta =008 170503###########################0###### =020 ##$$a 978-979-002-494=2-2 =082 ##$$a 635.8 =084 ##$$a 635.8 SIN b =100 #$$a Sinaga, Meity Suradji =245 1#$$a Budi Daya Jamur Merang /$c Meity Suradji Sinaga =250 ##$$a Cet.1 =260 ##$$a Jakarta :$b Penebar Swadaya,$c 2015 =300 ##$$a iv,100 hlm. : $b Ilus ; $c 23 cm. =650 ##$$a Jamur |Merang =990 ##$$a 76967696 =990 ##$$a 76967696 =990 ##$$a 31700899 =990 ##$$a 02201707696 =990 ##$$a 31700900 =990 ##$$a 31700899